000 00678nam a22002177a 4500
003 UA-OsUOA
001 73135
007 ta
008 20110214b un ||||| |||| 00| 0 ukr d
100 _aГоловне управління статистики у Рівненській області
090 _a908
_bГ61
942 _cSA
040 _aUA-OsUOA
_bukr
_cUA-OsUOA
_dUA-OsUOA
245 _aСоціально-економічне становище Острозького району та міста Острог за 2010 рік
300 _aС.3
955 _a0
041 _aukr
080 _a908
773 0 _w73134
650 7 _a908 Краєзнавство
_2UDC
999 _c359393
_d359393